Menendez Rojas (Record no. 6512)

MARC details
000 - LÍDER
campo de control de longitud fija 00651nam a2200193Ia 4500
008 - ELEMENTOS DE DATOS DE LONGITUD FIJA - INFORMACIÓN GENERAL
campo de control de longitud fija 0000001986 sp a 0000000000spa00
090 ## - NÚMERO DE LLAMADA DE TIPO LC LOCALMENTE ASIGNADO (OCLC)
Número de clasificación (OCLC) (R) PSP00 A71m
110 1# - ENTRADA PRINCIPAL - NOMBRE CORPORATIVO
Nombre corporativo o nombre de jurisdicción como elemento de entrada Arco (1986 : Madrid)
245 10 - TÍTULO DECLARACIÓN
Título Menendez Rojas
Resto del título : obra reciente
Declaración de responsabilidad / Arco 86
260 ## - PUBLICACIÓN, DISTRIBUCIÓN
Lugar de publicación Madrid : Arco
Fecha de publicación 1986
300 ## - DESCRIPCIÓN FÍSICA
Alcance [16] p.
Dimensiones / 21 cm.
500 ## - NOTA GENERAL
Nota general Con el patronazgo del maestro venezolano Jesús Rafael Soto (q.e.p.d.)
600 00 - ENTRADA DE SUJETO AÑADIDO - NOMBRE PERSONAL
Nombre de la persona MENENDEZ ROJAS, JOSE MANUEL, 1956/
Subdivisión general TRABAJOS PICTORICOS
650 14 - ENTRADA DE SUJETO AÑADIDO - TÉRMINO TÓPICO
Término tópico o elemento de entrada del nombre geográfico ARTE CONTEMPORANEO ESPAÑOL
650 14 - ENTRADA DE SUJETO AÑADIDO - TÉRMINO TÓPICO
Subdivisión general CATALOGOS
650 14 - ENTRADA DE SUJETO AÑADIDO - TÉRMINO TÓPICO
Subdivisión general EXPOSICIONES
650 14 - ENTRADA DE SUJETO AÑADIDO - TÉRMINO TÓPICO
Término tópico o elemento de entrada del nombre geográfico PINTORES ESPAÑOLES
650 14 - ENTRADA DE SUJETO AÑADIDO - TÉRMINO TÓPICO
Término tópico o elemento de entrada del nombre geográfico PINTURA ESPAÑOLA
Holdings
Estado de retirada Pérdida de estatus Estado dañado No para préstamo Código de recogida Ubicación permanente Ubicación actual Ubicación de las estanterías Fecha de adquisición Número de llamada completo Código de barras Fecha de la última vez que se vio Número de copia Precio efectivo desde Tipo de artículo Koha
        General ArtNexus ArtNexus General 06/09/2022 P-SP-00 A71M 6516 06/09/2022 Ej.1 06/09/2022 Libro

Powered by Koha